Vnější ekonomické vztahy České republiky

Zmluvy a dohody Českej republiky upravujúce jej obchodné a ekonomické vzťahy so zahraničím. Kompetencie Ministerstva priemyslu a obchodu ČR v oblasti vonkajších ekonomických vzťahov. Pokračovanie asociačného procesu ČR s Európskym spoločenstvom. Vzťah ČR ku GATT. Rozvíjanie činnosti a.s. EGAP.

Salvato in:
Dettagli Bibliografici
Autore principale: Petříček, V.
Natura: Capitolo di libro
Lingua:ceco
Soggetti:
Tags: Aggiungi Tag
Nessun Tag, puoi essere il primo ad aggiungerne!!

MARC

LEADER 00000naa a2200000 4500
001 r000692
005 20221213082854.4
041 0 |a cze 
044 |a CZ 
245 1 0 |a Vnější ekonomické vztahy České republiky  |c V. Petříček 
520 |a Zmluvy a dohody Českej republiky upravujúce jej obchodné a ekonomické vzťahy so zahraničím. Kompetencie Ministerstva priemyslu a obchodu ČR v oblasti vonkajších ekonomických vzťahov. Pokračovanie asociačného procesu ČR s Európskym spoločenstvom. Vzťah ČR ku GATT. Rozvíjanie činnosti a.s. EGAP. 
610 2 0 |a vzťahy hospodárske vonkajšie 
610 2 0 |a Česko 
610 2 0 |a dohody asociačné 
610 2 0 |a Európske spoločenstvá 
610 2 0 |a EGAP, a.s. Praha 
100 1 |a Petříček, V.